书目信息 |
| 题名: |
语文教学篇目索引
|
|
| 作者: | ;中国语文编辑部 编 | |
| 分册: | ||
| 出版信息: | 上海 上海教育出版社 1982 |
|
| 页数: | 430页 | |
| 开本: | 25cm | |
| 丛书名: | ||
| 单 册: | ||
| 中图分类: | Z89:H19 | |
| 科图分类: | ||
| 主题词: | 索引--汉语--汉语教学 | |
| 电子资源: | ||
| ISBN: | ||
| 000 | 00625nam0 2200217 45 | |
| 001 | 0182004360 | |
| 005 | 20060818104257.00 | |
| 010 | @dCNY2.95 | |
| 091 | @a17150.9 | |
| 100 | @a19950515d1982 em y0chiy0121 ea | |
| 101 | 0 | @achi |
| 102 | @aCN@b310000 | |
| 105 | @ay c 000yy | |
| 200 | 10 | @a语文教学篇目索引@Ayu wen jiao xue pian mu suo yin@e1950-1980@f中国语文编辑部编@FZhong Guo Yu Wen Bian Ji Bu Bian |
| 210 | @a上海@c上海教育出版社@d1982 | |
| 215 | @a430页@d25cm | |
| 606 | @a索引@x汉语@x汉语教学 | |
| 690 | @aZ89:H19@v3 | |
| 711 | 02 | @a中国语文编辑部@4编 |
| 801 | 0 | @aCN@b上海图书馆@c20060818 |
| 905 | @dZ89:H19@e40 | |
| 语文教学篇目索引:1950-1980/中国语文编辑部编.-上海:上海教育出版社,1982 |
| 430页;25cm |
| ISBN :CNY2.95 |
| ● |
| 相关链接 |
|
|
|
|
正题名:语文教学篇目索引
索取号:Z89:H19/40
 
预约/预借
| 序号 | 登录号 | 条形码 | 馆藏地/架位号 | 状态 | 备注 |
| 1 | 0169581 | 002028727 | 密集书库/ [索取号:Z89:H19/40] | 在馆 | |
| 2 | 0169582 | 001369511 | 密集书库/ [索取号:Z89:H19/40] | 在馆 | |
| 3 | 0169583 | 001558601 | 第三借阅区/ [索取号:Z89:H19/40] | 在馆 | |
| 4 | 0169584 | 202301357 | 密集书库/ [索取号:Z89:H19/40] | 在馆 | |
| 5 | 0175264 | 001559496 | 第二样本阅览室/ [索取号:Z89:H19/40] | 在馆 | |
| 6 | 0421792 | 204217926 | 密集书库/ [索取号:Z89:H19/40] | 在馆 | |
| 7 | 0465681 | 204656817 | 密集书库/ [索取号:Z89:H19/40] | 在馆 |